| 000 | 00762 a2200205 4500 | ||
|---|---|---|---|
| 020 | _a0340806567 | ||
| 040 |
_aDLC _bEnglish |
||
| 082 | 0 | 0 | _a001.4/2 |
| 245 | 0 | 0 |
_aResearch methods for postgraduates _cedited by Tony Greenfield. |
| 250 | _a2nd ed. | ||
| 260 |
_aLondon : _bArnold ; _aNew York : _bOxford University Press, _cc2002. |
||
| 300 |
_axii, 370 p. : _bill. ; _c25 cm. |
||
| 500 | _aRev. ed. of: Research methods. 1996. | ||
| 500 | _aIncludes index. | ||
| 650 | 0 |
_aResearch _xMethodology. |
|
| 700 | 1 | _aGreenfield, Tony. | |
| 856 | 4 | 2 |
_3Publisher description _uhttp://www.loc.gov/catdir/enhancements/fy0614/2002282242-d.html |
| 856 | 4 | 2 |
_3Table of contents only _uhttp://www.loc.gov/catdir/enhancements/fy0614/2002282242-t.html |
| 942 |
_cBK _k001.42 GRE _2ddc |
||
| 999 |
_c4894 _d4894 |
||